Cycling Monument Winners Since 2000 - Statistics

General Stats
  • This quiz has been taken 194 times
    148 since last reset
  • The average score is 72 of 118
Answer Stats
Year Winner Country % Correct
2020 Tour of Flanders | 2022 Tour of Flanders | 2023 Milaan-Sanremo | 2023 Paris-Roubaix Mathieu van der Poel Netherlands
97%
2021 Il Lomabdria | 2021 Liège-Bastogne-Liège | 2023 Tour of Flanders Tadej Pogacar Slovenia
96%
2006 Paris-Roubaix | 2008 Milaan-Sanremo | 2010 Paris-Roubaix | +4 others Fabian Cancellara Switzerland
92%
2005 Paris-Roubaix | 2005 Tour of Flanders | 2006 Tour of Flanders | +4 others Tom Boonen Belgium
92%
2020 Milaan-Sanremo Wout van Aert Belgium
92%
2016 Tour of Flanders | 2018 Paris-Roubaix Peter Sagan Slovakia
88%
2022 Milaan-Sanremo Matej Mohoric Slovenia
87%
2009 Il Lomabdria | 2010 Il Lombardia | 2011 Liège-Bastogne-Liège | +2 others Philippe Gilbert Belgium
86%
2019 Milaan-Sanremo Julian Alaphilippe France
85%
2015 Il Lomabdria | 2017 Il Lomabdria | 2018 Milaan-Sanremo Vincenzo Nibali Italy
84%
2020 Liège-Bastogne-Liège Primoz Roglic Slovenia
81%
2022 Liège-Bastogne-Liège | 2023 Liège-Bastogne-Liège Remco Evenepoel Belgium
78%
2021 Tour of Flanders Kasper Asgreen Denmark
77%
2009 Milaan-Sanremo Mark Cavendish United Kingdom
77%
2017 Milaan-Sanremo Michal Kwiatkowski Poland
77%
2006 Liège-Bastogne-Liège | 2008 Liège-Bastogne-Liège | 2015 Liège-Bastogne-Liège | 2017 Liège-Bastogne-Liègek Alejandro Valverde Spain
76%
2021 Milaan-Sanremo Jasper Stuyven Belgium
76%
2022 Paris-Roubaix Dylan Van Baarle Netherlands
74%
2019 Tour of Flanders Alberto Bettiol Italy
73%
2014 Milaan-Sanremo | 2015 Tour of Flanders Alexander Kristoff Norway
73%
2021 Paris-Roubaix Sonny Colbrelli Italy
73%
2015 Milaan-Sanremo | 2015 Paris-Roubaix John Degenkolb Germany
71%
2016 Milaan-Sanremo Arnaud Démare France
67%
2013 Liège-Bastogne-Liège | 2014 Il Lombardia Dan Martin Ireland
67%
2019 Liège-Bastogne-Liège | 2020 Il Lombardia Jakob Fuglsang Denmark
66%
2014 Paris-Roubaix | 2018 Tour of Flanders Niki Terpstra Netherlands
64%
2005 Liège-Bastogne-Liège | 2010 Liège-Bastogne-Liège Alexander Vinokourov Kazakhstan
61%
2009 Liège-Bastogne-Liège Andy Schleck Luxembourg
61%
2000 Milaan-Sanremo | 2001 Milaan-Sanremo Eric Zabel Germany
60%
2012 Il Lombardia | 2013 Il Lomabdria Joaquim Rodriguez Spain
60%
2018 Il Lombardia Thibaut Pinot France
60%
2018 Liège-Bastogne-Liège Bob Jungels Luxembourg
59%
2004 Milaan-Sanremo | 2007 Milaan-Sanremo | 2010 Milaan-Sanremo Oscar Freire Spain
59%
2017 Paris-Roubaix Greg Van Avermaet Belgium
58%
2016 Paris-Roubaix Mathew Hayman Australia
57%
2019 Il Lomabdria Bauke Mollema Netherlands
53%
2000 Liège-Bastogne-Liège | 2002 Liège-Bastogne-Liège | 2003 Milaan-Sanremo | +2 others Paolo Bettini Italy
50%
2012 Milaan-Sanremo | 2014 Liège-Bastogne-Liège Simon Gerrans Australia
47%
2000 Paris-Roubaix | 2002 Paris-Roubaix Johan Museeuw Belgium
46%
2016 Liège-Bastogne-Liège Wout Poels Netherlands
46%
2016 Il Lombardia Esteban Chaves Colombia
45%
2007 Tour of Flanders Alessandro Ballan Italy
43%
2002 Milaan-Sanremo Mario Cipollini Italy
42%
2013 Milaan-Sanremo Gerald Ciolek Germany
41%
2011 Tour of Flanders Nick Nuyens Belgium
41%
2004 Il Lombardia | 2007 Il Lomabdria | 2008 Il Lombardia Damiano Cunego Italy
40%
2008 Tour of Flanders | 2009 Tour of Flanders Stijn Devolder Belgium
39%
2011 Milaan-Sanremo Matthew Goss Australia
35%
2020 Paris-Roubaix No Race No Race = Answer
35%
2011 Paris-Roubaix Johan Vansummeren Belgium
34%
2005 Milaan-Sanremo Alessandro Petacchi Italy
33%
2003 Paris-Roubaix | 2003 Tour of Flanders Peter Van Petegem Belgium
32%
2007 Paris-Roubaix Stuart O'Grady Australia
32%
2004 Paris-Roubaix Magnus Bäckstedt Sweden
28%
2012 Liège-Bastogne-Liège Maxim Iglinsky Kazakhstan
27%
2001 Il Lomabdria | 2007 Liège-Bastogne-Liège Danilo Di Luca Italy
24%
2004 Liège-Bastogne-Liège Davide Rebellin Italy
24%
2011 Il Lomabdria Oliver Zaugg Switzerland
24%
2002 Tour of Flanders Andrea Tafi Italy
23%
2006 Milaan-Sanremo Filippo Pozzato Italy
23%
2003 Liège-Bastogne-Liège Tyler Hamilton United States
19%
2000 Tour of Flanders Andrei Tchmil Belgium
17%
2002 Il Lombardia | 2003 Il Lomabdria Michele Bartoli Italy
16%
2001 Paris-Roubaix Servais Knaven Netherlands
16%
2004 Tour of Flanders Steffen Wesemann Germany
13%
2000 Il Lombardia Raimondas Rumsas Lithuania
10%
2001 Liège-Bastogne-Liège Oscar Camenzind Switzerland
9%
2001 Tour of Flanders Gianluca Bortolami Italy
8%
No matching quizzes found
Score Distribution
Percent of People with Each Score
Percentile by Number Answered
Your Score History
You have not taken this quiz since the last reset